<The> Industralisation of Backward Areas
Gespeichert in:
| Format: | Buch |
|---|---|
| Sprache: | Englisch |
| Veröffentlicht: |
Oxford
Basil Blackwell
1945
|
| Tags: |
Keine Tags, Fügen Sie das erste Tag hinzu!
|
MARC
| LEADER | 00000nam a2200000 4500 | ||
|---|---|---|---|
| 001 | 0267680 | ||
| 005 | 20240822101709.7 | ||
| 041 | 0 | |a eng | |
| 044 | |a GB | ||
| 245 | 1 | 0 | |a <The> Industralisation of Backward Areas |c K. Mandelbaum |
| 264 | 1 | |a Oxford |b Basil Blackwell |c 1945 | |